000 00783cam a22002413a 4500
001 16768
003 PGUSA
005 20140828083346.0
008 050928s2005||||xxu|||||s|||||000 | eng d
040 _aPGUSA
_beng
042 _adc
050 4 _aDS
100 1 _aMarsden, William,
_d1754-1836
245 1 4 _aThe History of Sumatra :
_bContaining An Account Of The Government, Laws, Customs And Manners Of The Native Inhabitants
_h[electronic resource] /
_cWilliam Marsden
260 _bProject Gutenberg,
_c2005
506 _aPublic domain in the USA.
516 _aElectronic text
653 _aSumatra (Indonesia)
653 _aNatural history -- Indonesia -- Sumatra
830 0 _aProject Gutenberg
_v16768
856 4 0 _uhttp://www.gutenberg.org/ebooks/16768
942 _cEB
999 _c246023
_d246023